000
00201nam a22000857a 4500
008
170619b xxu||||| |||| 00| 0 eng d
100
_9
3506
_a
Hesse. K
245
_a
Out of the Dust
260
_a
New delhi
_c
1999
999
_c
6890
_d
6890